000
00253nam a2200097Ia 4500
008
120527s9999 xx 000 0 und d
100
_a
Willem,C
245
_a
Raising and Sustaining Productivity of small holder farming sys
260
_b
AgBe
942
_c
BK
999
_c
21121
_d
21121